000 00379nam a2200145Ia 4500
008 150201s2007 xx 000 0 und d
082 _a617.601
_bS2007S
100 _aSCULLY,C.S
245 _aSPECIAL CARE IN DENTISTRY
250 _a1ST
260 _bCHURCHILL LIVINGSTONE
_aEDINBURGH
_c2007
300 _a1-504
650 _aPREVENTIVE AND COMMUNITY DENTISTRY
942 _2ddc
_cBK
999 _c4764
_d4764